00516nam a2200193 a 4500001001300000003000900013005001700022008004100039020002300080082001700103100002000120245002700140260003700167300001000204500003500214505002600249650002700275700002000302nice12345678IN_TiNIC20260116014347.0100412s2006 seca grp 000 0 eng  a9798173625168c54900a230.025bGUT aGuthrie, Donald aNew Testament Theology aSec-Bad bAuthentic Books c2006 a1064p aincludes index and biblioraphy2 aBibliography, Indices aTheology-New Testament1 aGuthrie, Donald